| 000 | 02903cam a2200385Mi 4500 | ||
|---|---|---|---|
| 001 | ocn940892521 | ||
| 003 | OCoLC | ||
| 005 | 20220322193359.0 | ||
| 008 | 131113s2013 ne ab b 001 0 eng d | ||
| 010 | _a 2013033032 | ||
| 016 | 7 |
_a016542512 _2Uk |
|
| 020 |
_a9789004250543 _q(hardback ; _qalk. paper) |
||
| 020 |
_a9004250549 _q(hardback ; _qalk. paper) |
||
| 020 |
_a9789004262126 _q(e-book ; _qalk. paper) |
||
| 020 |
_a9004262121 _q(e-book ; _qalk. paper) |
||
| 035 | _a(OCoLC)940892521 | ||
| 040 |
_aS3O _beng _erda _cS3O _dOCLCO _dOCLCQ _dOCLCF _dOCLCQ |
||
| 043 | _af------ | ||
| 049 | _aTZAA | ||
| 050 | 0 | 0 |
_aKBP64 _b.S43 2014 |
| 245 | 0 | 0 |
_aSharia in Africa today : _breactions and responses / _cedited by John Chesworth & Franz Kogelmann. |
| 300 | _a281 pages | ||
| 504 | _aIncludes bibliographical references and index. | ||
| 505 | 0 | _a"Sharia and reality": a domain of dontest among Sunni Muslims in the District of Shendi, Northern Sudan / Osman Mohamed Osman Ali -- Contradicting state ideology in Sudan: Christian-Muslim relations among the internally displaced persons in Khartoum-The Case of Mandela and Wad al-Bashir Camps / Salma Mohamed Abdalmunim Abdalla -- Debates over interest rate: Sudanese perspectives from 35 years' experience of Islamic banking / Ahmad Elhassab, Umar Elhassab -- The evolution of the independent sharia panel in Osun State, South-West Nigeria / Abdul-Fatah Kola -- Makinde "Education is Education": contemporary Muslim views on Muslim women's education in northern Nigeria / Chikas Danfulani -- 'We Introduced sharia'-the Izala Movement in Nigeria as initiator of sharia-reimplementation in the north of the country: Some Reflections / Ramzi Ben Amara -- Debates on kadhi's courts and Christian-Muslim relations in Isiolo Town: thematic issues and emergent trends / Halkano Abdi Wario -- "Necessity removes restrictions": Swahili Muslim women's perspectives on their participation in the public sphere / Esha Faki Mwinyihaji -- Women's views on the role of kadhi's courts: a case study of Kendu Bay, Kenya / Rebecca Osiro -- Demand for the re-Introduction of kadhi's courts on the Tanzanian mainland: a religious, social and political analysis / William Andrew Kopwe -- "Chaos will never have a chance": sharia debates and tolerance in a rrovincial Tanzanian town / Bernardin Mfumbusa. | |
| 520 | 8 | _aSharia in Africa Today. Reactions and Responses' explores how Islamic law has influenced relations between Muslims and Christians, through a series of case studies by young African scholars working in Sudan, Nigeria, Kenya and Tanzania. | |
| 650 | 0 |
_aIslamic law _zAfrica. |
|
| 650 | 0 |
_aIslamic courts _zAfrica. |
|
| 650 | 7 |
_aIslamic courts. _2fast |
|
| 650 | 7 |
_aIslamic law. _2fast |
|
| 651 | 7 |
_aAfrica. _2fast |
|
| 700 | 1 |
_aChesworth, John. _4edt |
|
| 700 | 1 |
_aKogelmann, Franz. _4edt |
|
| 830 | 0 |
_aIslam in Africa ; _v15. |
|
| 942 |
_2lcc _cBOOK |
||
| 999 |
_c6597 _d6597 |
||